000 00645nam a2200205 i 4500
001 115400
003 ES-MaACL
005 20250825062554.0
007 t|
008 070308s1931 sp ||||1| spa d
080 _a821.134.2-22"17"
100 1 _aFernández de Moratín, Leandro,
_d1760-1828
_949695
245 1 3 _aEl sí de las niñas
_b: comedia en tres actos /
_cLeandro Fernández de Moratín.
260 _aMadrid :
_bPrensa Moderna,
_c1931.
300 _a68 p. ;
_c17 cm.
490 1 _aEl Teatro moderno ;
_v308
830 0 3 _aEl teatro moderno (Prensa Moderna)
_v308
_9182365
852 _aES-MaACL
_jC-13147
999 _c115400
_d115400